The Sea Beast 2022 / directed by Chris Williams ; produced by Jed Schlanger. (Record no. 20850)

000 -LEADER
fixed length control field 00922nam a2200229 4500
008 - FIXED-LENGTH DATA ELEMENTS--GENERAL INFORMATION
fixed length control field 250527b xxu||||| |||| 00| 0 eng d
040 ## - CATALOGING SOURCE
Original cataloging agency Cagayan State University
Description conventions RDA
082 ## - DEWEY DECIMAL CLASSIFICATION NUMBER
Classification number 791.4372
Item number S4381
245 ## - TITLE STATEMENT
Title The Sea Beast 2022 / directed by Chris Williams ; produced by Jed Schlanger.
260 ## - PUBLICATION, DISTRIBUTION, ETC. (IMPRINT)
Place of publication, distribution, etc Canada,
-- United Kingdom ;
Name of publisher, distributor, etc Netflix,
Date of publication, distribution, etc 2022.
300 ## - PHYSICAL DESCRIPTION
Extent 1 videofile (ca. 115 mins.) :
Other physical details sound, color.
520 ## - SUMMARY, ETC.
Summary, etc Terrifying creatures roam the seas and the monster hunters are heroes. None is more beloved than the great Jacob Holland. When young Maisie Brumble joins his ship, he finds an unexpected ally.
650 ## - SUBJECT ADDED ENTRY--TOPICAL TERM
Topical term or geographic name as entry element Animated film.
650 ## - SUBJECT ADDED ENTRY--TOPICAL TERM
Topical term or geographic name as entry element Action.
650 ## - SUBJECT ADDED ENTRY--TOPICAL TERM
Topical term or geographic name as entry element Adventure.
700 ## - ADDED ENTRY--PERSONAL NAME
Personal name Urban,Karl, star.
700 ## - ADDED ENTRY--PERSONAL NAME
Personal name Hator, Zaris-Angel, star.
700 ## - ADDED ENTRY--PERSONAL NAME
Personal name Harris, Jared, star.
700 ## - ADDED ENTRY--PERSONAL NAME
Personal name Jean-Baptiste, Marianne, star.
700 ## - ADDED ENTRY--PERSONAL NAME
Personal name Arrastia, Joyce, editor.
942 ## - ADDED ENTRY ELEMENTS (KOHA)
Source of classification or shelving scheme
Item type Audio-Visual Materials

No copies available.

Cagayan State University University Library, Carig Campus
Tuguegarao City, Cagayan 3500 | www.csucarig.edu.ph

Powered by Koha